[Event "GER-ch U12"]
[Site "Oberhof"]
[Date "2013.05.25"]
[Round "11"]
[White "Ott, Josef Sebastian"]
[Black "Arnhold, Steffi"]
[Result "1-0"]
[WhiteElo "1600"]
[BlackElo "1273"]
[PlyCount "67"]
[EventDate "2013.05.19"]
[EventType "swiss"]
[EventRounds "11"]
[EventCountry "GER"]
[SourceTitle "CBM 154 Extra"]
[Source "ChessBase"]
[SourceDate "2013.06.25"]
[SourceVersion "2"]
[SourceVersionDate "2013.06.25"]
[SourceQuality "1"]

1. e4 c5 2. Nc3 Nc6 3. f4 g6 4. Nf3 Bg7 5. Bc4 e6 6. 0-0 Nge7 7. d3 0-0 8. Qe1 d5 9. Bb3 Nd4 10. Ne2 b5 11. Nexd4 cxd4 12. a3 Bb7 13. e5 Nc6 14. Qf2 f6 15. Nxd4 Nxd4 16. Qxd4 fxe5 17. fxe5 Rxf1+ 18. Kxf1 Qf8+ 19. Kg1 Qf5 20. Bf4 Rf8 21. Bg3 a6 22. c4 dxc4 23. dxc4 bxc4 24. Bxc4 Re8 25. Rf1 Qc2 26. Bxe6+ Kh8 27. Bh3 Qe2 28. Qd7 Qb5 29. Qxb5 axb5 30. Re1 Kg8 31. Bd7 Re7 32. Bxb5 Bd5 33. b4 Be6 34. a4 1-0

[Event "GER-ch U12"]
[Site "Oberhof"]
[Date "2013.05.20"]
[Round "4"]
[White "Wuebker, Paul Luca"]
[Black "Ott, Josef Sebastian"]
[Result "0-1"]
[WhiteElo "1479"]
[BlackElo "1600"]
[PlyCount "83"]
[EventDate "2013.05.19"]
[EventType "swiss"]
[EventRounds "11"]
[EventCountry "GER"]
[SourceTitle "CBM 154 Extra"]
[Source "ChessBase"]
[SourceDate "2013.06.25"]
[SourceVersion "2"]
[SourceVersionDate "2013.06.25"]
[SourceQuality "1"]

1. d4 d5 2. c4 e6 3. Nc3 Be7 4. Nf3 Nf6 5. Bf4 0-0 6. e3 b6 7. cxd5 Nxd5 8. Nxd5 exd5 9. Rc1 Bd6 10. Bxd6 Qxd6 11. Be2 Bf5 12. 0-0 Nd7 13. Bb5 Nf6 14. Rc6 Qb4 15. Qb3 Qxb3 16. axb3 Bd7 17. Rxf6 Bxb5 18. Rf5 Bxf1 19. Kxf1 Rfd8 20. Ne5 f6 21. Nc6 Rd7 22. Rxd5 Rxd5 23. Ne7+ Kf7 24. Nxd5 c5 25. dxc5 bxc5 26. b4 cxb4 27. Nxb4 a5 28. Nd3 Rc8 29. Ke1 Ke6 30. b3 Kd5 31. Kd2 Kc6 32. Nf4 Kb5 33. Ne2 Kb4 34. Nd4 g6 35. h4 Rc3 36. g3 Rxb3 37. Nxb3 Kxb3 38. Kc1 Kc3 39. f4 Kd3 40. g4 Kxe3 41. f5 gxf5 42. gxf5 0-1

[Event "GER-ch U12"]
[Site "Oberhof"]
[Date "2012.05.30"]
[Round "7"]
[White "Hartmann, Martin"]
[Black "Ott, Josef Sebastian"]
[Result "1/2-1/2"]
[WhiteElo "1719"]
[BlackElo "1478"]
[PlyCount "78"]
[EventDate "2012.05.27"]
[EventType "swiss"]
[EventRounds "11"]
[EventCountry "GER"]
[SourceTitle "CBM 148 Extra"]
[Source "ChessBase"]
[SourceDate "2012.06.22"]
[SourceVersion "1"]
[SourceVersionDate "2012.06.22"]
[SourceQuality "1"]

1. e4 e5 2. Nf3 Nc6 3. d4 exd4 4. Bc4 Bc5 5. c3 dxc3 6. Bxf7+ Kf8 7. Bxg8 Rxg8 8. Nxc3 d6 9. 0-0 Bg4 10. h3 Bh5 11. Be3 Bxe3 12. fxe3 Ke7 13. Nd5+ Kd7 14. e5 Kc8 15. exd6 Qxd6 16. Rc1 Rd8 17. e4 Kb8 18. Qb3 Bxf3 19. Rxf3 Nd4 20. Qe3 Nxf3+ 21. Qxf3 c6 22. Ne3 a6 23. Rd1 Qc7 24. Rxd8+ Qxd8 25. e5 Ka7 26. e6 Qe7 27. Qe4 Re8 28. Nf5 Qxe6 29. Qd4+ b6 30. Qxg7+ Ka8 31. Qxh7 Qe1+ 32. Kh2 Qe5+ 33. Ng3 Qxb2 34. Qd7 Rb8 35. Qxc6+ Ka7 36. a4 Qf2 37. h4 Rb7 38. Qg6 Qf4 39. Qe4 Rf7 1/2-1/2

[Event "GER-ch U12"]
[Site "Oberhof"]
[Date "2012.05.30"]
[Round "6"]
[White "Ott, Josef Sebastian"]
[Black "Ley, Sabrina"]
[Result "1-0"]
[WhiteElo "1478"]
[BlackElo "1334"]
[PlyCount "103"]
[EventDate "2012.05.27"]
[EventType "swiss"]
[EventRounds "11"]
[EventCountry "GER"]
[SourceTitle "CBM 148 Extra"]
[Source "ChessBase"]
[SourceDate "2012.06.22"]
[SourceVersion "1"]
[SourceVersionDate "2012.06.22"]
[SourceQuality "1"]

1. e4 c5 2. Nc3 Nc6 3. f4 g6 4. Nf3 Bg7 5. Bb5 Nd4 6. Bc4 d6 7. Nxd4 cxd4 8. Ne2 Nf6 9. d3 Qb6 10. Ng3 e6 11. Qf3 0-0 12. 0-0 Bd7 13. f5 e5 14. fxg6 hxg6 15. h3 Qc7 16. Bg5 Nh7 17. Be7 Bg4 18. Bxf7+ Kh8 19. Qxg4 Qxe7 20. Bxg6 Qg5 21. Qxg5 Nxg5 22. Nf5 Rf6 23. Bh5 Rc8 24. Rac1 Ne6 25. Nxd6 Rxf1+ 26. Kxf1 Rc7 27. g3 Bh6 28. Nf7+ Rxf7+ 29. Bxf7 Bxc1 30. Bxe6 Bxb2 31. Kg2 Bc1 32. Kf3 Kg7 33. g4 Bf4 34. h4 Kh6 35. Bf7 Kg7 36. Be8 Kf8 37. Bh5 Kg7 38. g5 b6 39. Kg4 Bh2 40. Be8 Bf4 41. h5 Kf8 42. Bd7 Kg7 43. Bf5 Bd2 44. h6+ Kg8 45. Kh5 Bb4 46. Be6+ Kh8 47. g6 Bf8 48. g7+ Bxg7 49. hxg7+ Kxg7 50. Kg5 a5 51. Kf5 b5 52. Kxe5 1-0

[Event "GER-ch U12"]
[Site "Oberhof"]
[Date "2012.05.28"]
[Round "4"]
[White "Ott, Josef Sebastian"]
[Black "Steffens, Oliver"]
[Result "1-0"]
[WhiteElo "1478"]
[BlackElo "1262"]
[PlyCount "91"]
[EventDate "2012.05.27"]
[EventType "swiss"]
[EventRounds "11"]
[EventCountry "GER"]
[SourceTitle "CBM 148 Extra"]
[Source "ChessBase"]
[SourceDate "2012.06.22"]
[SourceVersion "1"]
[SourceVersionDate "2012.06.22"]
[SourceQuality "1"]

1. e4 c5 2. Nc3 Nc6 3. f4 d6 4. Nf3 g6 5. Bb5 Bd7 6. 0-0 a6 7. Bxc6 Bxc6 8. d3 Bg7 9. Qe1 Nf6 10. Kh1 0-0 11. Qh4 e6 12. Ng5 h6 13. Nf3 b5 14. f5 Nh5 15. Qh3 exf5 16. exf5 b4 17. Ne4 Re8 18. Nf2 Bxf3 19. Qxf3 Qe7 20. Ng4 Kh7 21. Bd2 g5 22. f6 Qe6 23. fxg7 Kxg7 24. Qf5 Qxf5 25. Rxf5 Re2 26. Rf2 Rae8 27. Rxe2 Rxe2 28. Rd1 f5 29. Ne3 Nf4 30. Nxf5+ Kg6 31. Bxf4 Kxf5 32. Bxd6 Rxc2 33. Rb1 a5 34. h3 Ke6 35. Bc7 a4 36. Re1+ Kd7 37. Be5 a3 38. bxa3 Rxa2 39. axb4 cxb4 40. Rb1 Ra3 41. d4 Ra4 42. Bg7 Kc6 43. Bxh6 Kd5 44. Bxg5 Kxd4 45. Be7 Kc3 46. Bxb4+ 1-0

[Event "GER-ch U12"]
[Site "Oberhof"]
[Date "2012.05.27"]
[Round "1"]
[White "Duerr, Florian"]
[Black "Ott, Josef Sebastian"]
[Result "1-0"]
[WhiteElo "1901"]
[BlackElo "1478"]
[PlyCount "55"]
[EventDate "2012.05.27"]
[EventType "swiss"]
[EventRounds "11"]
[EventCountry "GER"]
[SourceTitle "CBM 148 Extra"]
[Source "ChessBase"]
[SourceDate "2012.06.22"]
[SourceVersion "1"]
[SourceVersionDate "2012.06.22"]
[SourceQuality "1"]

1. e4 e5 2. Nf3 Nc6 3. Bb5 a6 4. Ba4 Nge7 5. 0-0 g6 6. c3 b5 7. Bc2 Bg7 8. Re1 0-0 9. d4 exd4 10. cxd4 Nb4 11. Bb3 a5 12. a3 Nbc6 13. Nc3 Ba6 14. Bf4 b4 15. Nd5 Nxd5 16. exd5 Nb8 17. d6 c5 18. Bd5 Nc6 19. axb4 axb4 20. Bg5 Qb6 21. Be7 Rfc8 22. dxc5 Qxc5 23. Rc1 Qb6 24. Bxf7+ Kh8 25. Bd5 Bxb2 26. Ne5 Bxe5 27. Rxe5 h6 28. Rxc6 1-0

[Event "GER-ch U10"]
[Site "Oberhof"]
[Date "2011.06.13"]
[Round "3"]
[White "Ott, Josef Sebastian"]
[Black "Meyling, Lennart"]
[Result "0-1"]
[WhiteElo "1327"]
[BlackElo "1071"]
[PlyCount "92"]
[EventDate "2011.06.11"]
[EventType "swiss"]
[EventRounds "11"]
[EventCountry "GER"]
[SourceTitle "CBM 142 Extra"]
[Source "ChessBase"]
[SourceDate "2011.06.27"]
[SourceVersion "1"]
[SourceVersionDate "2011.06.27"]
[SourceQuality "1"]

1. e4 c5 2. Nc3 d6 3. f4 Nc6 4. Nf3 Bg4 5. Bb5 Qc7 6. d3 e6 7. 0-0 Nge7 8. h3 Bh5 9. Qe1 Bxf3 10. Rxf3 0-0-0 11. Be3 a6 12. Bxc6 Qxc6 13. d4 b5 14. dxc5 dxc5 15. Ne2 Ng6 16. e5 Be7 17. c3 Nh4 18. Rf2 Nf5 19. Nc1 Bh4 20. Nb3 Bxf2+ 21. Qxf2 Nxe3 22. Qxe3 Rd5 23. Rc1 Rhd8 24. Nd4 Qb6 25. Nb3 Rd3 26. Qe4 c4+ 27. Nd4 b4 28. Qa8+ Kc7 29. Qe4 bxc3 30. bxc3 R8xd4 31. cxd4 Rxd4 32. Qxh7 Rd1+ 33. Kh2 Qg1+ 34. Kg3 Qe3+ 35. Kg4 Qxc1 36. Qxg7 Rd7 37. Qf8 Qe3 38. Qb4 c3 39. Qc4+ Kb7 40. Qb4+ Ka7 41. Qa4 Qe2+ 42. Kg5 Qxg2+ 43. Kh4 Qd2 44. Qb4 c2 45. Qc5+ Kb7 46. Qb4+ Qxb4 0-1